000 00741 a2200205 4500
010 _aENG-85053 ENG-142352
020 _a812502946X
_c795.00
020 _a9788125029465
035 _aEN-68586
035 _aEN-125884
037 _bDBAD
082 _a615.5309034
100 _aSivaramakrishnan, Kavita.
_973428
245 _aOld potions, new bottles:
_brecasting indigenious medicine in colonial Punjab (1850-1945)/
_cBy Kavita Sivaramakrishnan.
260 _aNew Delhi
_bOrient Longman,
_c2006.
300 _axiv, 280 p. ;
_c22 cm. (Hb)
490 _aNew perspectives in South Asian history ;
_v12
500 _aIncludes bibliographical references and index
942 _adpl
_cEN
_k615.5309034 / SIV
_2ddc
_h615.5309034
_mSIV
999 _c962
_d962